000 00640nam a2200277Ia 4500
005 20260401122336.0
008 008 250103s9999 xx 000 0 eng d
020 _a198118856
037 _aTB
040 _aEDL
040 _beng
040 _cEDL
041 _2eng
041 _aeng
084 _a821.7 BEN
084 _qEDL
245 0 _aWilliam Blake's Writings: Writings in Conventional Typography and in Manuscript
260 _aOxford
260 _bOxford University Press
260 _c2001
300 _a1820p
942 _cTB
942 _h821.7 BEN
999 _c1846639
_d1846639